00757nam a2200169Ia 450000500170000000800410001702000180005808200130007610000200008924500390010926000330014830000130018150002770019494200060047195200950047799900150057220241112013902.0240331s9999 xx 000 0 und d a9781400034772 bMCCa823 aMccall Smith, A 4aThe NO. 1 Ladies' Detective Agency aNew YorkbAnchor Booksc2002 a235 p ., aThis First novel in alexander McCall smith's widely acclaimed The No. 1 Ladies Detective Agency series tells the story of the Delight fully cunning and enormously engaging precious Ramotswe, who is drawn to her profession to "help people with the problems in their lives." cL 001040708LaWERCLbWERCLcSSCd2024-03-31l0o 823 MCCp6749r2024-03-31w2024-03-31yL c5701d5701